| 000 | 00361nam a2200145Ia 4500 | ||
|---|---|---|---|
| 008 | 220217s9999||||xx |||||||||||||| ||und|| | ||
| 020 | _a0-521-56701-7 | ||
| 082 | _a530 GIB | ||
| 100 |
_aGibbs, Keith _93494 |
||
| 245 | 0 | _aAdvanced physics | |
| 250 | _a2nd | ||
| 260 |
_aCambridge university press _bLondon _c2000 |
||
| 300 | _b275 | ||
| 650 | _aPHYSICS | ||
| 999 |
_c172039 _d172039 |
||